01893nam a2200217Ia 4500003000400000005001700004008004100021040002100062041000800083082002500091110004600116245011400162260003500276300008000311505104300391650004701434650003501481942001201516999001701528952013001545OSt20211129145421.0210310s1985 ck ao gr 000 0 spa d aCO-JMCRcCO-JMCR0 aspa04a338.272 /bF673l2232 aFondo Nacional del Carbóneautor94170010aLegislación y Aspectos básicos del impuesto a la producción del carbón /cFondo Nacional del Carbón aBogotá : bCarbocol, c1985. a62 páginas : bilustraciones y fotografías en blanco y negro ; c23 cm.0 a¿Qué es Carbones de Colombia S. A. - CARBOCOL? -- ¿Qué es el Fondo Nacional del Carbón? -- ¿Qué objetivos cumplen CARBOCOL y el Fondo Nacional del Carbón? -- ¿Qué destinación tendrán los recursos del Fondo Nacional del Carbón?. -- ¿De qué modo se establecerá la producción? -- ¿Qué consecuencias acarrea el no suministro de información o su inexactitud? -- ¿De qué plazos dispone el productor de carbón? -- Información que debe enviar el comprador o consumidor. -- ¿Qué clase de información exige el Decreto No. 1155 de fecha mayo 14 de 1980? -- ¿Qué clase de producción está sujeta al impuesto? -- ¿Qué clase de producción es la exenta de impuesto y qué requisitos exige la ley para justificar la exención? -- ¿Quién y cómo se fija el precio básico para valorar la producción? -- ¿Cómo se produce la estimación del impuesto? -- ¿Cómo se produce el pago del impuesto? -- ¿Cómo se liquida la sanción por presentación extemporánea? -- Paz y Salvo.14aImpuestos y producción vCarbón94170124aLegislaciónxCarbón941702 2ddccBK c12761d12761 00102ddc4070aCPLbCPLcGENd2018-04-15eDonacióno338.272 / F673lp430001819r2024-05-16 00:00:00tEj.1w2021-03-10yBK